| 000 | 01286cam a22002295a 4500 | ||
|---|---|---|---|
| 001 | L159314 | ||
| 008 | 160616s2016 xxk f 000 0 eng d | ||
| 020 | _a9781119151876 | ||
| 035 | _a(Sirsi) u159314 | ||
| 041 | 0 | _aeng | |
| 100 | 1 | _aHewitt, Andrew | |
| 245 | 0 | 0 |
_aConstruction Claims and Responses _bEffective Writing and Presentation _h[electronic resource] |
| 260 |
_aLondon _bWiley-Blackwell _c2016 |
||
| 300 | _aeBook | ||
| 520 | _aA practical guide for contracts managers, commercial managers, project managers, quantity surveyors, engineers and architects on the preparation of and responses to construction claims. Examines the different types of claim common to construction contracts and presents a step-by-step guide to demonstrate the process of building up the submission of a claim. Covers various types of claim, how the claim may be split into sections dealing with the details of the contract, the cause, the effect, entitlement and quantum. Includes worked examples of typical claims and responses with sample wording. | ||
| 590 | _aNTK | ||
| 650 | 2 | 4 | _aEBOOK |
| 651 | 4 |
_aUnited Kingdom _y |
|
| 690 |
_aConstruction management _96230 |
||
| 856 | 4 | 0 |
_uhttps://www.vlebooks.com/ _zView on VLEbooks. Logins for members only from [email protected] |
| 942 | _n0 | ||
| 999 |
_c115797 _d115797 |
||